Értesités
Riaditeľ Štátnej meštianskej a vyššej obchodnej školy v Humennom Alex (Elek) Cseh oznamuje zmenu termínu konania porady v záujme ovládania strelných vojenských zbraní dorastom. Termín preložený z 15.01. na 22.01.1911.
| Médium: | Článok |
|---|---|
| Jazyk: | Hungarian |
| Témy: | |
| Zdroj: |
1. Felvidéki Hirlap : Közgazdasági, társadalmi és szépirodalmi hetilap 1. Roč. 4, č. 3 (15.01.1911) s. 3 |
| LEADER | 01003nab#a2200289#ar4500 | ||
|---|---|---|---|
| 001 | 000063821 | ||
| 003 | SVKKK | ||
| 005 | 19970403xxxxxxx. | ||
| 008 | 06 c xo huno | ||
| FMT | |||
| 038 | |a SVKKK | ||
| 040 | |a SVKKK |b slo |e AACR2 | ||
| 041 | 0 | |a hun | |
| 044 | |a xo |c SK | ||
| 080 | |a 355/359 | ||
| 242 | 1 | 0 | |a Oznam |
| 245 | 0 | 0 | |a Értesités |
| 520 | 2 | |a Riaditeľ Štátnej meštianskej a vyššej obchodnej školy v Humennom Alex (Elek) Cseh oznamuje zmenu termínu konania porady v záujme ovládania strelných vojenských zbraní dorastom. Termín preložený z 15.01. na 22.01.1911. | |
| 650 | 0 | 4 | |a zbrane strelné vojenské - študenti - výcvik pripravovaný (15.01.1911) - termín pozmenený - Humenné - 22.01.1911 - oznam |
| 773 | 0 | |t Felvidéki Hirlap : Közgazdasági, társadalmi és szépirodalmi hetilap |g Roč. 4, č. 3 (15.01.1911) s. 3 | |
| 957 | |a Humenné | ||
| 958 | |a DG | ||
| 958 | |a SK | ||
| 974 | |a Ba |d 19970403 | ||
| 992 | |a RBX | ||
| BAS | |||
| 998 | |a RETRO | ||